000
00222 a2200097 4500
001
3654
100
_a
Bean, L L
245
_a
Population projections fore Pakistan
260
_a
_b
Pak Inst Devt Eco
_c
090
_c
2916
_d
2916
942
_a
NUST-CAE
_c
M
_c
21291
999
_c
238727
_d
238727